[Event "AUTO-INT-64"]
[Site "http://www.queenalice.com/game.php?id=44777"]
[Date "2005.12.22"]
[Round "1"]
[White "ventania"]
[Black "voodoozebra"]
[Result "0-1"]
[WhiteElo "1244"]
[BlackElo "1634"]

1. e4 e5 2. Qf3 Nf6 3. Bc4 Nc6 4. Qb3 Qe7 5. d3 Nd4 6. Qa4 c6 7. Bd2 b5 8. Qa6
Bxa6 9. h4 Nxc2+ 10. Kd1 Nxa1 11. Rh3 bxc4 12. h5 cxd3 13. f3 Qc5 14. Bg5 Qxg1+
15. Kd2 Qxg2+ 16. Kc3 Qc2# 0-1

[Event "AUTO-INT-64"]
[Site "http://www.queenalice.com/game.php?id=44778"]
[Date "2005.12.22"]
[Round "1"]
[White "voodoozebra"]
[Black "ventania"]
[Result "1-0"]
[WhiteElo "1636"]
[BlackElo "1240"]

1. e4 e5 2. Bc4 Nh6 3. Nf3 Nc6 4. d3 Qe7 5. Nc3 b6 6. Nd5 Qd6 7. O-O g6 8. Bg5
Ng4 9. h3 f5 10. hxg4 h6 11. Bf6 h5 12. Bxh8 hxg4 13. Nh4 Qe6 14. Nxc7+ Kd8 15.
Nxe6+ Ke8 16. Nc7+ Kd8 17. Nxa8 Bc5 18. Nxg6 d6 19. Qd2 Nd4 20. Qg5+ Kd7 21.
Qe7+ Kc6 22. Qc7# 1-0

[Event "Challenge"]
[Site "http://www.queenalice.com/game.php?id=47848"]
[Date "2006.1.14"]
[Round "-"]
[White "ventania"]
[Black "tatanka7"]
[Result "1-0"]
[WhiteElo "1284"]
[BlackElo "1436"]

1. e4 e5 2. Bc4 Nf6 3. Qf3 d6 4. b3 Bg4 5. Qc3 Nxe4 6. Qe3 d5 7. Bb5+ c6 8. Ba4
b5 9. f3 Bc5 10. Qe2 Nf2 11. Kf1 Nxh1 12. b4 Qh4 13. fxg4 Qxh2 14. bxc5 Ng3+ 15.
Kf2 Nxe2 16. Nxe2 bxa4 17. d3 O-O 18. Nbc3 Qh4+ 19. Ng3 Qxg4 20. Rb1 d4 21. Nxa4
Nd7 22. Rb7 Nf6 23. Bb2 e4 24. Bxd4 Qf4+ 25. Ke2 Qxg3 26. Bf2 exd3+ 27. cxd3
Rfe8+ 28. Kf1 Qxd3+ 29. Kg1 Qd1+ 30. Kh2 Ng4+ 31. Kg3 Qd3+ 32. Kxg4 1-0

[Event "Challenge"]
[Site "http://www.queenalice.com/game.php?id=48272"]
[Date "2006.1.17"]
[Round "-"]
[White "ventania"]
[Black "hojinjung"]
[Result "0-1"]
[WhiteElo "1284"]
[BlackElo "1648"]

1. e4 e5 2. Bc4 Nf6 3. d3 Bc5 4. Bg5 h6 5. Qh5 Nxh5 6. Nf3 f6 7. Bh4 g5 8. Bg3
Nxg3 9. fxg3 d6 10. Nc3 Nc6 11. h4 Rf8 12. b3 a6 13. a4 Bg4 14. Rf1 Bxf3 15.
Rxf3 Nd4 16. Rf2 Nxb3 17. cxb3 Bxf2+ 18. Kxf2 c6 19. d4 exd4 20. Ne2 c5 21. Rb1
Qa5 22. b4 cxb4 23. Nxd4 Qxa4 24. Ne6 Qc2+ 25. Ke1 Qxb1+ 26. Kd2 Qxe4 27. Nc7+
Kd7 28. Nd5 Qxg2+ 29. Ke3 Qxg3+ 30. Ke4 Qxh4+ 31. Kd3 Qxc4+ 32. Kxc4 Rac8+ 33.
Kxb4 Ke6 34. Nb6 Rc6 35. Na4 b5 36. Nb2 Rc4+ 37. Ka5 Rb8 38. Kxa6 Ra4+ 39. Nxa4
bxa4 40. Ka7 Rb1 41. Ka8 a3 42. Ka7 a2 43. Ka6 a1=Q# 0-1

[Event "Challenge"]
[Site "http://www.queenalice.com/game.php?id=50358"]
[Date "2006.1.31"]
[Round "-"]
[White "Croftsy"]
[Black "ventania"]
[Result "1-0"]
[WhiteElo "1429"]
[BlackElo "1238"]

1. d4 d5 2. a4 c6 3. b4 h5 4. h4 Rh6 5. Bxh6 Nxh6 6. c3 Bg4 7. f3 Bf5 8. Nd2 Qd6
9. Kf2 Na6 10. e4 dxe4 11. fxe4 Bh7 12. Qxh5 Kd7 13. Ngf3 g6 14. Ne5+ Kc7 15.
Qe2 f6 16. Nec4 Qe6 17. Ke1 Rd8 18. b5 Ng4 19. bxa6 bxa6 20. g3 Rb8 21. Bh3 Bh6
22. Bxg4 f5 23. Bh3 c5 24. d5 Qd7 25. g4 fxe4 26. g5 Bg7 27. Bxd7 Kxd7 28. Nxe4
Bg8 29. Nxc5+ Kd8 30. Ne6+ Bxe6 31. Rd1 Bf5 32. Rf1 Bxc3+ 33. Nd2 Bc2 34. Rf8+
Kc7 35. Qxe7+ Kb6 36. Rxb8+ Ka5 37. d6 Kxa4 38. d7 Ba5 39. Ra1# 1-0

[Event "Revanche"]
[Site "http://www.queenalice.com/game.php?id=50416"]
[Date "2006.2.1"]
[Round "-"]
[White "feliceacrilex"]
[Black "ventania"]
[Result "1-0"]
[WhiteElo "1617"]
[BlackElo "1240"]

1. e4 e5 2. Bc4 Bc5 3. Nf3 Qf6 4. d3 h5 5. Bg5 Qd6 6. Bh4 Bb6 7. Ng5 Qc5 8. Nxf7
g5 9. Nxh8 gxh4 10. Qxh5+ Ke7 11. Qxh4+ Ke8 12. Qh5+ Ke7 13. Qf7+ Kd6 14. O-O
Ba5 15. Qxg8 Na6 16. Qg6+ Ke7 17. Qg7+ Kd6 18. Qf6# 1-0

[Event "AUTO-INT-75"]
[Site "http://www.queenalice.com/game.php?id=52846"]
[Date "2006.2.13"]
[Round "1"]
[White "appalachia"]
[Black "ventania"]
[Result "1-0"]
[WhiteElo "1234"]
[BlackElo "1287"]

1. d4 e6 2. Nf3 b6 3. d5 Ba6 4. dxe6 fxe6 5. g3 Bc5 6. Be3 Bb4+ 7. Bd2 Bc5 8.
Be3 Qe7 9. Bxc5 Qxc5 10. c3 h5 11. Bg2 Rh6 12. Nd4 Nf6 13. Bxa8 Qe5 14. Bf3 Ng4
15. O-O h4 16. Bxg4 hxg3 17. fxg3 Bb7 18. Qd3 Rh8 19. Qg6+ Ke7 20. Qf7+ Kd8 21.
Bf3 Bxf3 22. Nd2 Bh5 23. Qf4 Qa5 24. b4 Qa3 25. N2b3 Qb2 26. Qe4 Nc6 27. Nxc6+
dxc6 28. Qd4+ Ke7 29. Qxg7+ Kd6 30. Qxh8 Bg4 31. Qf8+ Kd5 32. Qd8+ Ke5 33. Qd4#
1-0

[Event "AUTO-INT-75"]
[Site "http://www.queenalice.com/game.php?id=52847"]
[Date "2006.2.13"]
[Round "1"]
[White "ventania"]
[Black "appalachia"]
[Result "1-0"]
[WhiteElo "1269"]
[BlackElo "1245"]

1. e4 e5 2. Bc4 d6 3. Qf3 Be6 4. b3 Bxc4 5. bxc4 Ne7 6. Ba3 c6 7. h4 Qd7 8. h5
h6 9. Rh4 g5 10. Rg4 Ng8 11. Nc3 Ne7 12. Nh3 f5 13. exf5 Qxf5 14. Qg3 Qxc2 15.
Qf3 Qh7 16. Qf6 c5 17. Rg3 Nd7 18. Qf3 Rb8 19. Nxg5 hxg5 20. Rxg5 Qf7 21. Qe4
Qf4 22. Qb1 Qxg5 23. Qb5 Qxg2 24. Qa5 Qg1+ 25. Ke2 Qxa1 26. Qxa7 Qh1 27. d3
Qxh5+ 28. Kd2 Bh6+ 29. Kc2 Kf7 30. Qa5 Qg5 31. Qc7 Qd2+ 32. Kb3 Nf6 33. Nb5
Qxd3+ 34. Nc3 Rhc8 35. Qb6 Bd2 36. Kb2 Qxc3+ 37. Kb1 Qc1+ 38. Bxc1 Bc3 39. Qxd6
e4 40. Kc2 Ba5 41. Bg5 1-0

[Event "AUTO-INT-75"]
[Site "http://www.queenalice.com/game.php?id=52864"]
[Date "2006.2.13"]
[Round "1"]
[White "laskera"]
[Black "ventania"]
[Result "1-0"]
[WhiteElo "1397"]
[BlackElo "1284"]

1. e4 e5 2. Nf3 f6 3. Bc4 Ne7 4. d3 Nec6 5. Be3 Qe7 6. Nc3 h5 7. Nh4 Na5 8. Ng6
Qb4 9. Nxh8 b6 10. Bd2 Nxc4 11. Nd5 Qa4 12. Nxc7+ Kd8 13. Nxa8 Nxb2 14. Qb1 Qa3
15. O-O Bc5 16. c3 Ba6 17. c4 b5 18. Bc1 bxc4 19. Bxb2 Qa4 20. Bxe5 cxd3 21.
Qxb8+ Ke7 22. Bxf6+ Kxf6 23. Qf4+ Ke6 24. Qf5+ Kd6 25. Qd5+ Ke7 26. Qxc5+ d6 27.
Ng6+ Kf7 28. Qxd6 Bb7 29. Nc7 Qxe4 30. Nh8+ Kg8 31. Qd8+ Kh7 32. Qg5 Kxh8 33.
Rae1 Qc6 34. Re8+ Kh7 35. Qxh5+ Qh6 36. Qxh6+ Kxh6 37. Rd1 Bc6 38. Re6+ Kg5 39.
Rxc6 Kf4 40. Rxd3 Ke4 41. Rcd6 g5 42. f3+ Kf4 43. g3+ Ke5 44. R3d5# 1-0

[Event "AUTO-INT-75"]
[Site "http://www.queenalice.com/game.php?id=52865"]
[Date "2006.2.13"]
[Round "1"]
[White "ventania"]
[Black "laskera"]
[Result "0-1"]
[WhiteElo "1284"]
[BlackElo "1402"]

1. e4 e5 2. Bc4 Nf6 3. Qe2 Bc5 4. h4 d6 5. Rh3 Bxh3 6. gxh3 Nfd7 7. Qf3 Qf6 8.
Qg4 Qxf2+ 9. Kd1 O-O 10. b3 Qxg1+ 11. Ke2 Qxc1 12. Bd5 c6 13. a4 cxd5 14. Qf3
Qxc2 15. Na3 Qxe4+ 16. Kd1 Qxf3+ 17. Kc2 Bxa3 18. Rxa3 Qxh3 19. Ra1 Qxh4 20. Rg1
Qe4+ 21. d3 Qe2+ 22. Kc3 Nc5 23. Rg3 Qe1+ 24. Kc2 Qxg3 25. b4 Qxd3+ 26. Kc1 Nb3+
27. Kb2 Nc6 28. b5 Ncd4 29. Ka3 Nc5+ 30. Kb4 Qb3+ 31. Ka5 Qc3# 0-1

[Event "Reeevanche"]
[Site "http://www.queenalice.com/game.php?id=53467"]
[Date "2006.2.17"]
[Round "-"]
[White "ventania"]
[Black "feliceacrilex"]
[Result "1-0"]
[WhiteElo "1306"]
[BlackElo "1660"]

1. e4 e5 2. Nf3 Nc6 3. Nc3 Bc5 4. Bc4 h6 5. d3 Nf6 6. Nh4 d6 7. Na4 Ng4 8. g3
Nxf2 9. Qf3 O-O 10. Rf1 Bg4 11. Qg2 Bh3 12. Qf3 Bg4 13. Qg2 Nd4 14. Qxf2 c6 15.
Nxc5 d5 16. c3 dxc4 17. cxd4 exd4 18. dxc4 Qa5+ 19. Bd2 Qxc5 20. Nf5 Rfe8 21.
Nxh6+ Kh7 22. Nxg4 Rxe4+ 23. Kd1 Rxg4 24. b4 Qh5 25. Qf3 Qg6 26. Qxf7 Qh5 27.
Qxh5+ Kg8 28. Qxg4 Rd8 29. Bh6 1-0

[Event "AUTO-OPEN-237"]
[Site "http://www.queenalice.com/game.php?id=58849"]
[Date "2006.3.22"]
[Round "1"]
[White "pepebacardi"]
[Black "ventania"]
[Result "1-0"]
[WhiteElo "1521"]
[BlackElo "1336"]

1. e4 e5 2. Nf3 Qf6 3. Nc3 Bc5 4. Bc4 Ne7 5. O-O h5 6. d3 h4 7. Bg5 Qg6 8. Qd2
Nbc6 9. Bxe7 Kxe7 10. Nd5+ Kd8 11. b4 h3 12. g3 Nd4 13. Nxe5 Qe6 14. Qg5+ f6 15.
Qxg7 Nf3+ 16. Kh1 Nxe5 17. Qxh8+ Qe8 18. Qxf6+ Be7 19. Qxe5 c6 20. Qc7# 1-0

[Event "AUTO-OPEN-237"]
[Site "http://www.queenalice.com/game.php?id=58850"]
[Date "2006.3.22"]
[Round "1"]
[White "ventania"]
[Black "pepebacardi"]
[Result "0-1"]
[WhiteElo "1306"]
[BlackElo "1500"]

1. e4 c5 2. Qf3 Nc6 3. Bc4 Nf6 4. e5 Nxe5 5. b3 Nxf3+ 6. Nxf3 b6 7. O-O Bb7 8.
Nc3 Qc7 9. Nb5 Qb8 10. d3 Ng4 11. Re1 Bxf3 12. Bg5 Qxh2+ 13. Kf1 Qxg2# 0-1

[Event "AUTO-OPEN-237"]
[Site "http://www.queenalice.com/game.php?id=58877"]
[Date "2006.3.22"]
[Round "1"]
[White "ventania"]
[Black "Luciano_Matte"]
[Result "0-1"]
[WhiteElo "1334"]
[BlackElo "2016"]

1. e4 e6 2. Nc3 Bb4 3. Qf3 Qf6 4. Bc4 Bxc3 5. bxc3 Qxf3 6. gxf3 Nf6 7. Ba3 d6 8.
O-O-O O-O 9. Ne2 c5 10. d4 b6 11. Rhg1 Ba6 12. Bd3 Bxd3 13. cxd3 Nc6 14. Rg3
Rac8 15. Rdg1 g6 16. Nf4 Rfd8 17. h4 cxd4 18. h5 Ne5 19. hxg6 Nxg6 20. Nxg6 hxg6
21. Kd1 Rxc3 22. Bb2 Rc6 23. Bxd4 e5 24. Bc3 Rxc3 25. Rh1 Rxd3+ 26. Ke2 Ra3 27.
Rgh3 Kg7 28. Rh6 Rxa2+ 29. Kf1 Nh5 30. R1xh5 gxh5 31. Rxh5 Rh8 0-1

[Event "AUTO-OPEN-237"]
[Site "http://www.queenalice.com/game.php?id=58878"]
[Date "2006.3.22"]
[Round "1"]
[White "Luciano_Matte"]
[Black "ventania"]
[Result "1-0"]
[WhiteElo "1967"]
[BlackElo "1336"]

1. Nf3 e5 2. Nxe5 Qf6 3. Nf3 Bc5 4. d4 Bb6 5. e4 d6 6. Bg5 Qe6 7. Nbd2 Ba5 8. c3
f6 9. Be3 b6 10. Bc4 Qg4 11. O-O h5 12. h3 Qg6 13. Nh4 Qh6 14. Bxh6 gxh6 15.
Qxh5+ Ke7 16. Qf7+ Kd8 17. Qg7 Bb7 18. Qxh8 Na6 19. Qxg8+ Kd7 20. Qe6+ Kd8 21.
Bb5 c6 22. Qxd6+ Ke8 23. Bxc6+ Bxc6 24. Qxc6+ Kd8 25. Qxa8+ Kc7 26. Qxa7+ Kc6
27. Qxa6 1-0

[Event "AUTO-OPEN-237"]
[Site "http://www.queenalice.com/game.php?id=58879"]
[Date "2006.3.22"]
[Round "1"]
[White "ventania"]
[Black "Blind_Beholder"]
[Result "0-1"]
[WhiteElo "1332"]
[BlackElo "1916"]

1. e4 e6 2. a4 d5 3. f3 Bd6 4. g4 Qh4+ 5. Ke2 Nc6 6. c3 dxe4 7. fxe4 Qxg4+ 8.
Nf3 Qxe4+ 9. Kf2 Nf6 10. Bg2 Ng4+ 11. Kf1 Qd3+ 12. Qe2 Nge5 13. Nxe5 Qxe2+ 14.
Kxe2 Bxe5 15. Na3 Na5 16. d3 Nb3 17. Rb1 Nxc1+ 18. Rbxc1 Bd7 19. Rhf1 Bxh2 20.
Bxb7 Rb8 21. Ba6 Rxb2+ 22. Kd1 Bxa4+ 23. Ke1 Bg3+ 24. Rf2 Rxf2 25. Nc2 Rxc2+ 0-1

[Event "AUTO-OPEN-237"]
[Site "http://www.queenalice.com/game.php?id=58880"]
[Date "2006.3.22"]
[Round "1"]
[White "Blind_Beholder"]
[Black "ventania"]
[Result "1-0"]
[WhiteElo "1684"]
[BlackElo "1284"]

1. c4 e5 2. Nf3 Bc5 3. Nxe5 Qf6 4. d4 Bb6 5. Nc3 d6 6. Nd5 Qf5 7. g4 Qe4 8. Nxb6
cxb6 9. f3 Qxd4 10. Qxd4 dxe5 11. Qxe5+ Kd7 12. Bg5 f6 13. O-O-O+ Kc6 14. Qd6#
1-0